000 00409nam a22001457a 4500
999 _c7552
_d7550
005 20210310155719.0
008 210310b ||||| |||| 00| 0 eng d
082 _a346.066
100 _aAIYAR, A.N.
_96466
245 _aREPORTS OF COMPANY INCLUDING CASES ON BANKING AND INSURANCE [VOL-37]
260 _aMADRAS
_bCOMPANY LAW INSTITUTE OF INDIA
_c1967
300 _aI-XV, P
650 _aLAW
_95701
942 _cJRL